000 00702nam a22001937a 4500
003 UPN
005 20250902202548.0
008 250902s2002 nq| |||frs|||i001 0 spa d
040 _aMX-MxUPN
_bspa
_cMX-MxUPN
041 _aspa
050 _aGE90
_bU54 2002
111 _aEncuentro, análisis y perspectivas de los Planes Nacionales de Educación para Todos en Centroamérica
_cManagua, Nicaragua)
_d17, 18 de Octubre, 2002 :
_n(Primer
_957599
245 _aInforme final
260 _aManagua, Nicaragua :
_bUNESCO Oficina para Centroamérica,
_c2015
300 _a23 páginas
650 0 _aEducación para Todos
_957600
_vCongresos
902 _aMaiella Martínez / 02092025
942 _2lcc
_cFOLL
_n0
999 _c213966
_d213966